[Event "Arber op 8th"]
[Site "Bodenmais"]
[Date "2019.08.03"]
[Round "8"]
[White "Schwenkreis, Thomas"]
[Black "Kleibel, Uwe"]
[Result "0-1"]
[WhiteElo "2048"]
[BlackElo "2217"]
[PlyCount "92"]
[EventDate "2019.07.27"]
[EventType "swiss"]
[EventRounds "9"]
[EventCountry "GER"]
[SourceTitle "CBM 191 Extra"]
[Source "ChessBase"]
[SourceDate "2019.09.30"]
[SourceVersion "1"]
[SourceVersionDate "2019.09.30"]
[SourceQuality "1"]

1. e4 e5 2. Nc3 Nf6 3. g3 d5 4. exd5 Nxd5 5. Bg2 Nxc3 6. bxc3 Nc6 7. Ne2 Be6 8. 0-0 Bd5 9. f3 Qf6 10. d3 Bc5+ 11. Kh1 0-0-0 12. Qe1 h5 13. h4 Qd6 14. c4 Be6 15. f4 Bg4 16. Nc3 Qd7 17. Nd5 Rhe8 18. Qd2 exf4 19. Qxf4 Bd6 20. Qxf7 Qxf7 21. Rxf7 Re1+ 22. Rf1 Rxf1+ 23. Bxf1 Bxg3 24. Bg5 Re8 25. Kg2 Bd6 26. Ne3 Bd7 27. Be2 Nd4 28. Bxh5 Rxe3 29. Bxe3 Nxc2 30. Bg6 Nxa1 31. d4 Ba4 32. Bc1 Nc2 33. Bb2 Ne3+ 34. Kf3 Nxc4 35. Ba1 Bc6+ 36. Kg4 Ne3+ 37. Kg5 Be7+ 38. Kf4 Ng2+ 39. Kg4 Nxh4 40. Bf7 Bd7+ 41. Kf4 Bf6 42. Bc3 g5+ 43. Ke4 Nf5 44. Bg6 Nd6+ 45. Kd5 Kd8 46. Bb4 Ke7 0-1

[Event "Arber op 8th"]
[Site "Bodenmais"]
[Date "2019.07.28"]
[Round "2"]
[White "Schwenkreis, Thomas"]
[Black "Milov, Leonid"]
[Result "0-1"]
[WhiteElo "2048"]
[BlackElo "2472"]
[PlyCount "76"]
[EventDate "2019.07.27"]
[EventType "swiss"]
[EventRounds "9"]
[EventCountry "GER"]
[SourceTitle "CBM 191 Extra"]
[Source "ChessBase"]
[SourceDate "2019.09.30"]
[SourceVersion "1"]
[SourceVersionDate "2019.09.30"]
[SourceQuality "1"]

1. e4 c5 2. f4 g6 3. Nf3 Bg7 4. c3 Nc6 5. Bc4 e6 6. e5 d6 7. exd6 Nh6 8. Bb5 Bd7 9. 0-0 Nf5 10. Bxc6 Bxc6 11. Ne5 Qxd6 12. Qe2 0-0 13. Nxc6 Qxc6 14. d3 Rad8 15. Nd2 Qa6 16. Ne4 b6 17. g4 Nh6 18. Nf2 Rfe8 19. Qf3 f5 20. h3 Qa4 21. Be3 Rf8 22. a3 Qc2 23. g5 Nf7 24. Rab1 Qa4 25. Rbe1 e5 26. h4 Rfe8 27. Bc1 c4 28. dxc4 Qxc4 29. Qg3 Qb5 30. Nd1 Nd6 31. fxe5 Bxe5 32. Bf4 Ne4 33. Qh2 Rd2 34. Qh3 Bxf4 35. Rxf4 Qc5+ 36. Kf1 Qd6 37. Rfxe4 fxe4 38. Ne3 Qf4+ 0-1

[Event "Rhein Main op-A 22nd"]
[Site "Bad Homburg"]
[Date "2019.06.23"]
[Round "7"]
[White "Reimer, Otto"]
[Black "Schwenkreis, Thomas"]
[Result "1/2-1/2"]
[WhiteElo "1904"]
[BlackElo "2071"]
[PlyCount "75"]
[EventDate "2019.06.19"]
[EventType "swiss"]
[EventRounds "9"]
[EventCountry "GER"]
[SourceTitle "EXT 2020"]
[Source "ChessBase"]
[SourceDate "2019.10.17"]
[SourceVersion "1"]
[SourceVersionDate "2019.10.17"]
[SourceQuality "1"]

1. d4 Nf6 2. c4 g6 3. Nc3 Bg7 4. Nf3 0-0 5. e4 d6 6. Be2 Nbd7 7. Be3 e5 8. dxe5 dxe5 9. Qc2 c6 10. 0-0 Qe7 11. h3 Nc5 12. Nd2 Nfd7 13. b4 Ne6 14. c5 Nd4 15. Qb2 a5 16. a3 Nxe2+ 17. Nxe2 f5 18. f3 Nf6 19. Qc3 Be6 20. bxa5 Rfd8 21. Rab1 Qc7 22. Nc4 fxe4 23. Nd6 Nd5 24. Qc1 exf3 25. Rxf3 Ra7 26. Rb6 e4 27. Rf1 Nxe3 28. Qxe3 Bd5 29. Nc3 Rxd6 30. cxd6 Qxd6 31. Nxd5 Qxd5 32. Rb4 c5 33. Qxe4 Bd4+ 34. Rxd4 Qxd4+ 35. Qxd4 cxd4 36. Rd1 Rxa5 37. Rxd4 Rxa3 38. Rd8+ 1/2-1/2

[Event "Rhein Main op-A 22nd"]
[Site "Bad Homburg"]
[Date "2019.06.21"]
[Round "4"]
[White "Schwenkreis, Thomas"]
[Black "Rump, Andreas"]
[Result "1-0"]
[WhiteElo "2071"]
[BlackElo "1953"]
[PlyCount "83"]
[EventDate "2019.06.19"]
[EventType "swiss"]
[EventRounds "9"]
[EventCountry "GER"]
[SourceTitle "EXT 2020"]
[Source "ChessBase"]
[SourceDate "2019.10.17"]
[SourceVersion "1"]
[SourceVersionDate "2019.10.17"]
[SourceQuality "1"]

1. e4 Nc6 2. Nc3 Nf6 3. d4 d6 4. h3 e5 5. d5 Ne7 6. Bc4 Ng6 7. Nge2 Be7 8. 0-0 a6 9. a4 b6 10. Kh2 0-0 11. Qe1 Nh5 12. g3 Kh8 13. Be3 h6 14. Qd2 Bg5 15. f4 exf4 16. gxf4 Bh4 17. Rg1 Qd7 18. Rg4 Nf6 19. Rag1 Nxg4+ 20. hxg4 h5 21. Nd4 hxg4 22. Nf5 g3+ 23. Kg2 Qd8 24. Qe2 Re8 25. Rh1 Kg8 26. Nxh4 Nxh4+ 27. Kxg3 Ng6 28. Bd4 f6 29. Qh5 Nf8 30. Be2 Bd7 31. f5 Bxf5 32. exf5 Rxe2 33. Nxe2 Qe7 34. Qf3 Re8 35. Nf4 Qe4 36. Qxe4 Rxe4 37. c3 Kf7 38. Kf3 Re8 39. Ne6 c5 40. dxc6 Nxe6 41. fxe6+ Rxe6 42. Bxb6 1-0

[Event "Frankfurt-chA"]
[Site "Frankfurt"]
[Date "2019.06.03"]
[Round "6"]
[White "Schwenkreis, Thomas"]
[Black "Hochmuth, Christian"]
[Result "1-0"]
[WhiteElo "1995"]
[BlackElo "1928"]
[PlyCount "57"]
[EventDate "2019.04.29"]
[EventType "swiss"]
[EventRounds "7"]
[EventCountry "GER"]
[SourceTitle "EXT 2020"]
[Source "ChessBase"]
[SourceDate "2019.10.17"]
[SourceVersion "1"]
[SourceVersionDate "2019.10.17"]
[SourceQuality "1"]

1. e4 c5 2. f4 Nc6 3. Nc3 g6 4. Nf3 Bg7 5. Bc4 e6 6. a4 Nge7 7. e5 d5 8. exd6 Nf5 9. Bb5 Nxd6 10. Bxc6+ bxc6 11. d3 Rb8 12. 0-0 0-0 13. Ne5 Qc7 14. Qe1 Nf5 15. Ne4 Nd4 16. Rf2 f6 17. Nc4 Qe7 18. Qa5 Rd8 19. Be3 Rd5 20. Nc3 Rd8 21. Rc1 f5 22. Ne5 Bxe5 23. fxe5 Rxb2 24. Nd1 Rb6 25. Qd2 Rd7 26. Bg5 Qf8 27. Ne3 Ba6 28. Ng4 Rdb7 29. Nh6+ 1-0

[Event "Arber op 7th"]
[Site "Bodenmais"]
[Date "2018.08.04"]
[Round "8"]
[White "Rier, Guenter"]
[Black "Schwenkreis, Thomas"]
[Result "1-0"]
[WhiteElo "1930"]
[BlackElo "2087"]
[PlyCount "153"]
[EventDate "2018.07.28"]
[EventType "swiss"]
[EventRounds "9"]
[EventCountry "GER"]
[SourceTitle "EXT 2019"]
[Source "ChessBase"]
[SourceDate "2018.10.10"]
[SourceVersion "1"]
[SourceVersionDate "2018.10.10"]
[SourceQuality "1"]

1. Nf3 Nf6 2. g3 g6 3. b3 Bg7 4. Bb2 0-0 5. Bg2 d6 6. d4 c6 7. 0-0 Nbd7 8. c4 Qc7 9. Nbd2 e5 10. dxe5 dxe5 11. e4 Re8 12. Qc2 a5 13. Rfd1 Nc5 14. a3 Nfd7 15. b4 Ne6 16. c5 b6 17. cxb6 Nxb6 18. Rac1 axb4 19. axb4 Bb7 20. Nc4 Nxc4 21. Qxc4 Rec8 22. Ra1 Rxa1 23. Bxa1 Ra8 24. Bc3 Ba6 25. Qb3 c5 26. bxc5 Nxc5 27. Qd5 Bb7 28. Bxe5 Qc8 29. Qd4 Ne6 30. Qb2 Bf8 31. Nd4 Qd7 32. Rd2 Ba3 33. Qc3 Qe7 34. Nc2 Bc5 35. Bf6 Qf8 36. e5 Bxg2 37. Kxg2 Rc8 38. Qf3 Bb6 39. Qb7 Rb8 40. Qf3 Qe8 41. h4 h6 42. Rd6 Bc5 43. Rd2 Rb2 44. Qd5 Bf8 45. Ne3 Rb5 46. Qf3 Rb3 47. Qd5 Qa4 48. Kh2 Rb5 49. Ra2 Qb4 50. Qg2 Qe1 51. Qf1 Qb4 52. Qg2 Ra5 53. Rxa5 Qxa5 54. Qd5 Qc3 55. h5 g5 56. Nf5 Qc2 57. Qf3 Qc7 58. Qd5 Qa7 59. Kg2 Kh7 60. Nd6 Qc7 61. Nb5 Qc8 62. Nd4 Kg8 63. Nxe6 fxe6 64. Qe4 Qe8 65. Qg6+ Qxg6 66. hxg6 Ba3 67. g4 Bc1 68. Kf3 Ba3 69. Ke4 Bc1 70. Kd3 Ba3 71. f3 Kf8 72. Kc4 Bb2 73. Kc5 Ba3+ 74. Kc6 Ke8 75. Bg7 Ke7 76. Bxh6 Bc1 77. Bg7 1-0

[Event "Arber op 7th"]
[Site "Bodenmais"]
[Date "2018.08.03"]
[Round "7"]
[White "Schwenkreis, Thomas"]
[Black "Lorenc, Tomas"]
[Result "0-1"]
[WhiteElo "2087"]
[BlackElo "2208"]
[PlyCount "56"]
[EventDate "2018.07.28"]
[EventType "swiss"]
[EventRounds "9"]
[EventCountry "GER"]
[SourceTitle "CBM 185 Extra"]
[Source "ChessBase"]
[SourceDate "2018.07.29"]
[SourceVersion "1"]
[SourceVersionDate "2018.07.29"]
[SourceQuality "1"]

1. e4 d5 2. exd5 Qxd5 3. Nc3 Qa5 4. d4 Nf6 5. Nf3 Bg4 6. Be2 Nc6 7. h3 Bh5 8. 0-0 0-0-0 9. Be3 e5 10. Nxe5 Bxe2 11. Qxe2 Nxe5 12. dxe5 Qxe5 13. Qc4 Bd6 14. g3 a6 15. Kg2 Qf5 16. b4 Rhe8 17. Rfe1 Ne4 18. Ne2 Qe6 19. Qxe6+ Rxe6 20. a3 Be5 21. Rad1 Rxd1 22. Rxd1 Rc6 23. Rd5 Bf6 24. Kf3 Rxc2 25. Nd4 Nd2+ 26. Kf4 Rc4 27. Kf5 Nb1 28. b5 Nc3 0-1

[Event "Arber op 7th"]
[Site "Bodenmais"]
[Date "2018.07.30"]
[Round "3"]
[White "Schwenkreis, Thomas"]
[Black "Wunderlich, Matthias"]
[Result "1-0"]
[WhiteElo "2087"]
[BlackElo "1826"]
[PlyCount "67"]
[EventDate "2018.07.28"]
[EventType "swiss"]
[EventRounds "9"]
[EventCountry "GER"]
[SourceTitle "CBM 185 Extra"]
[Source "ChessBase"]
[SourceDate "2018.07.29"]
[SourceVersion "1"]
[SourceVersionDate "2018.07.29"]
[SourceQuality "1"]

1. e4 d6 2. d4 Nf6 3. Nc3 e5 4. d5 Be7 5. Be2 0-0 6. g4 Ne8 7. Be3 Bg5 8. Qd2 Bxe3 9. Qxe3 Nd7 10. 0-0-0 a6 11. g5 b5 12. Bg4 Nb6 13. Bxc8 Qxc8 14. Qg3 g6 15. Nce2 Ng7 16. Qh4 Qd8 17. Nh3 Qe7 18. Ng3 Nd7 19. Rhf1 b4 20. f4 exf4 21. Rxf4 Ne8 22. Qh6 f6 23. Rdf1 Qg7 24. Qh4 a5 25. Ne2 Qe7 26. Nd4 Rf7 27. Ne6 Rc8 28. Nd4 Ra8 29. Nc6 Qf8 30. gxf6 Rxf6 31. Ng5 Qg7 32. Nd4 Rxf4 33. Rxf4 Ne5 34. Nde6 1-0

[Event "Arber op 7th"]
[Site "Bodenmais"]
[Date "2018.07.28"]
[Round "1"]
[White "Schwenkreis, Thomas"]
[Black "Naumann, Thomas"]
[Result "1-0"]
[WhiteElo "2087"]
[BlackElo "1710"]
[PlyCount "77"]
[EventDate "2018.07.28"]
[EventType "swiss"]
[EventRounds "9"]
[EventCountry "GER"]
[SourceTitle "CBM 185 Extra"]
[Source "ChessBase"]
[SourceDate "2018.07.29"]
[SourceVersion "1"]
[SourceVersionDate "2018.07.29"]
[SourceQuality "1"]

1. e4 c5 2. f4 d6 3. Bc4 Nf6 4. d3 g6 5. Nf3 Bg7 6. c3 0-0 7. Qe2 Nc6 8. Bb3 Qc7 9. Nbd2 a6 10. Nf1 e6 11. Ng3 b5 12. 0-0 Bb7 13. Bd2 Rad8 14. h3 Kh8 15. Qf2 Qe7 16. Rae1 Na5 17. Bc2 Nc6 18. d4 cxd4 19. cxd4 Qc7 20. Be3 Rc8 21. Bb1 Qe7 22. Nd2 Qd7 23. Ne2 Na5 24. g4 Nc4 25. Nxc4 bxc4 26. Ng3 d5 27. e5 Ng8 28. f5 exf5 29. gxf5 Bh6 30. Bxh6 Nxh6 31. Qf4 Ng8 32. Qh4 Qd8 33. Qf4 Qb6 34. e6 Qxb2 35. exf7 Rxf7 36. Qe5+ Nf6 37. fxg6 Re8 38. gxf7 Rxe5 39. f8Q+ 1-0

[Event "Rhein Main op-A 21st"]
[Site "Bad Homburg"]
[Date "2018.05.31"]
[Round "3"]
[White "Schwenkreis, Thomas"]
[Black "Bakiev, Diyor"]
[Result "0-1"]
[WhiteElo "2103"]
[BlackElo "1825"]
[PlyCount "90"]
[EventDate "2018.05.30"]
[EventType "swiss"]
[EventRounds "7"]
[EventCountry "GER"]
[SourceTitle "EXT 2019"]
[Source "ChessBase"]
[SourceDate "2018.10.10"]
[SourceVersion "1"]
[SourceVersionDate "2018.10.10"]
[SourceQuality "1"]

1. e4 e5 2. Nc3 Nf6 3. g3 d5 4. exd5 Nxd5 5. Bg2 Nxc3 6. bxc3 Bd6 7. Ne2 0-0 8. 0-0 c6 9. f4 exf4 10. Nxf4 Nd7 11. d3 Nf6 12. Bd2 Bg4 13. Qc1 Re8 14. h3 Bd7 15. Rb1 g5 16. Ne2 Rxe2 17. Bxg5 Re6 18. Rxb7 Be7 19. Qf4 Qe8 20. c4 Nh5 21. Qh4 Bxg5 22. Qxh5 Be3+ 23. Kh1 Rh6 24. Qf3 Bd4 25. h4 Rf6 26. Qd1 Rxf1+ 27. Qxf1 Bb6 28. Qc1 Qc8 29. Qg5+ Kf8 30. Qh6+ Ke7 31. Bxc6 Bc7 32. Qe3+ Kf8 33. Bd5 Bb6 34. Qf4 Qe8 35. Qh6+ Kg8 36. Be4 Bf5 37. Qg5+ Bg6 38. Re7 Qc8 39. Kg2 Qc5 40. Bxa8 Qf2+ 41. Kh3 h6 42. Qg4 h5 43. Qg5 Kh7 44. Bg2 Bf5+ 45. Kh2 Qg1# 0-1

[Event "Bodensee op"]
[Site "Bregenz"]
[Date "2018.05.07"]
[Round "3"]
[White "Wacker, Peter"]
[Black "Schwenkreis, Thomas"]
[Result "1-0"]
[WhiteElo "2302"]
[BlackElo "2114"]
[PlyCount "71"]
[EventDate "2018.05.05"]
[EventType "swiss"]
[EventRounds "9"]
[EventCountry "AUT"]
[SourceTitle "CBM 184 Extra"]
[Source "ChessBase"]
[SourceDate "2018.06.28"]
[SourceVersion "1"]
[SourceVersionDate "2018.06.28"]
[SourceQuality "1"]

1. e4 e5 2. Nf3 d6 3. d4 Nf6 4. dxe5 Nxe4 5. Qd5 Nc5 6. Bg5 Qd7 7. exd6 Bxd6 8. Nc3 Ne6 9. Be3 Bb4 10. Qc4 Nc6 11. Bd3 Qe7 12. a3 Ba5 13. b4 Bb6 14. Nd5 Qd6 15. Nxb6 axb6 16. 0-0 Bd7 17. Rfe1 0-0-0 18. Rad1 Qf8 19. Rb1 Kb8 20. a4 Na7 21. Ne5 Be8 22. f4 Nc6 23. Nxc6+ Bxc6 24. f5 Bd5 25. Qc3 Rd6 26. fxe6 Rxe6 27. Bf4 Rc6 28. Qd4 Be6 29. a5 g5 30. Be5 f6 31. Bxf6 Rg8 32. Be5 bxa5 33. b5 Rc5 34. b6 Rd5 35. bxc7+ Kc8 36. Qa7 1-0

[Event "Arber op 6th"]
[Site "Bodenmais"]
[Date "2017.08.03"]
[Round "6"]
[White "Schwenkreis, Thomas"]
[Black "Reuter, Roland"]
[Result "1-0"]
[WhiteElo "2102"]
[BlackElo "1960"]
[PlyCount "85"]
[EventDate "2017.07.29"]
[EventType "swiss"]
[EventRounds "9"]
[EventCountry "GER"]
[SourceTitle "CBM 179 Extra"]
[Source "ChessBase"]
[SourceDate "2017.08.23"]
[SourceVersion "1"]
[SourceVersionDate "2017.08.23"]
[SourceQuality "1"]

1. e4 c5 2. f4 Nc6 3. Nc3 d6 4. Bc4 e6 5. a3 Be7 6. Nf3 a6 7. 0-0 b5 8. Ba2 Bb7 9. d3 Nf6 10. h3 Qd7 11. Qe1 Rc8 12. g4 Nd4 13. Nxd4 cxd4 14. Ne2 e5 15. Bb3 h6 16. Qg3 Rc5 17. Bd2 Qc7 18. c3 dxc3 19. Bxc3 Rf8 20. Bb4 Rc6 21. Qf3 a5 22. Bc3 g5 23. fxg5 hxg5 24. Bd2 a4 25. Ba2 Rg8 26. Nc3 Ra6 27. Rac1 Qd7 28. Bd5 Rg7 29. Ba2 Bd8 30. Ne2 Rc6 31. Ng3 Rxc1 32. Rxc1 Bb6+ 33. Kg2 Rg6 34. Rf1 Bd8 35. Bb4 d5 36. Kh2 dxe4 37. dxe4 Be7 38. Bc3 Qc7 39. Qf5 Bd6 40. Nh5 Nxe4 41. Bxf7+ Kd8 42. Qxg6 Nxc3 43. Qg8+ 1-0

[Event "Arber op 6th"]
[Site "Bodenmais"]
[Date "2017.07.30"]
[Round "2"]
[White "Grund, Sebastian"]
[Black "Schwenkreis, Thomas"]
[Result "0-1"]
[WhiteElo "1898"]
[BlackElo "2102"]
[PlyCount "74"]
[EventDate "2017.07.29"]
[EventType "swiss"]
[EventRounds "9"]
[EventCountry "GER"]
[SourceTitle "CBM 179 Extra"]
[Source "ChessBase"]
[SourceDate "2017.08.23"]
[SourceVersion "1"]
[SourceVersionDate "2017.08.23"]
[SourceQuality "1"]

1. d4 Nf6 2. Nf3 g6 3. c4 Bg7 4. g3 0-0 5. Bg2 d6 6. 0-0 Nc6 7. h3 e5 8. Nc3 Bd7 9. Be3 h6 10. Qd2 Kh7 11. dxe5 dxe5 12. Rfd1 Qc8 13. Kh2 Rd8 14. Qc2 Ne8 15. Nd5 Bf5 16. Qb3 Be6 17. Rd2 Nd6 18. Qa4 Re8 19. Rad1 e4 20. Nd4 Bd7 21. Qc2 Ne5 22. b3 f5 23. Nb5 Nxb5 24. cxb5 c6 25. bxc6 Bxc6 26. Nb4 Re6 27. Bd4 a5 28. Nxc6 Rxc6 29. Qb2 Qe6 30. f4 exf3 31. exf3 Rd6 32. f4 Rxd4 33. Rxd4 Nf7 34. Bxb7 Rd8 35. Qf2 Qb6 36. Re1 Rxd4 37. Re7 Qb4 0-1

[Event "Arber op 6th"]
[Site "Bodenmais"]
[Date "2017.07.29"]
[Round "1"]
[White "Schwenkreis, Thomas"]
[Black "Nusser, Hans Karl"]
[Result "1-0"]
[WhiteElo "2102"]
[BlackElo "1709"]
[PlyCount "111"]
[EventDate "2017.07.29"]
[EventType "swiss"]
[EventRounds "9"]
[EventCountry "GER"]
[SourceTitle "CBM 179 Extra"]
[Source "ChessBase"]
[SourceDate "2017.08.23"]
[SourceVersion "1"]
[SourceVersionDate "2017.08.23"]
[SourceQuality "1"]

1. e4 c5 2. f4 d6 3. Nc3 Nc6 4. Bc4 e6 5. Nf3 Be7 6. 0-0 Nf6 7. d3 0-0 8. a4 b6 9. h3 Bb7 10. Bb3 a6 11. Kh2 Na5 12. Ba2 d5 13. e5 Ne8 14. Ne2 f6 15. c3 c4 16. Ned4 Nc7 17. Bb1 f5 18. g4 g6 19. Rg1 Kh8 20. Be3 Qd7 21. Qe1 Rab8 22. Ne2 Nb3 23. Ra2 Nc5 24. Bxc5 Bxc5 25. d4 Be7 26. g5 b5 27. Bc2 Bc6 28. axb5 axb5 29. h4 b4 30. Bd1 b3 31. Ra1 Ra8 32. Rb1 Ra2 33. h5 Kg7 34. Kg2 Qd8 35. Rh1 Rh8 36. Rh3 Qf8 37. Qh1 Na8 38. Nc1 Ra7 39. Nh4 Nb6 40. hxg6 Qg8 41. gxh7 Rxh7 42. Ne2 Be8 43. Ng3 Bd8 44. Bf3 Nc8 45. Kf2 Ne7 46. Ke3 Bg6 47. Qh2 Kh8 48. Rh1 Nc6 49. Nxg6+ Qxg6 50. Bh5 Qg7 51. Be8 Rxh3 52. Qxh3+ Kg8 53. Bxc6 Bxg5 54. Nh5 Bxf4+ 55. Kxf4 Rf7 56. Be8 1-0

[Event "Rhein Main op-A 20th"]
[Site "Bad Homburg"]
[Date "2017.06.17"]
[Round "6"]
[White "Pichl, Michael"]
[Black "Schwenkreis, Thomas"]
[Result "1-0"]
[WhiteElo "2048"]
[BlackElo "2125"]
[PlyCount "75"]
[EventDate "2017.06.14"]
[EventType "swiss"]
[EventRounds "7"]
[EventCountry "GER"]
[SourceTitle "EXT 2018"]
[Source "ChessBase"]
[SourceDate "2017.10.13"]
[SourceVersion "1"]
[SourceVersionDate "2017.10.13"]
[SourceQuality "1"]

1. g3 Nf6 2. Bg2 g6 3. c4 d6 4. Nc3 Bg7 5. d3 0-0 6. Rb1 e5 7. b4 Nh5 8. Nf3 f5 9. Bb2 c6 10. b5 Be6 11. 0-0 d5 12. bxc6 bxc6 13. cxd5 cxd5 14. d4 e4 15. Ne5 Nd7 16. Ba3 Re8 17. Nxd7 Qxd7 18. e3 Bf7 19. Na4 g5 20. Nc5 Qc6 21. Rb7 Bg6 22. Qb3 Nf6 23. Rc1 Rec8 24. Nd7 Qe6 25. Rxc8+ Rxc8 26. Nxf6+ Bxf6 27. Rxa7 f4 28. Qb7 Bf5 29. Bc5 fxe3 30. fxe3 g4 31. a4 Rd8 32. Bf1 Qe8 33. Bb5 Qg6 34. Ra8 Be6 35. Rxd8+ Bxd8 36. Qb8 Qg5 37. Qf4 Qg6 38. Qf8# 1-0

[Event "Rhein Main op-A 20th"]
[Site "Bad Homburg"]
[Date "2017.06.14"]
[Round "1"]
[White "Schwenkreis, Thomas"]
[Black "Bajorski, Marius"]
[Result "1-0"]
[WhiteElo "2125"]
[BlackElo "1919"]
[PlyCount "79"]
[EventDate "2017.06.14"]
[EventType "swiss"]
[EventRounds "7"]
[EventCountry "GER"]
[SourceTitle "EXT 2018"]
[Source "ChessBase"]
[SourceDate "2017.10.13"]
[SourceVersion "1"]
[SourceVersionDate "2017.10.13"]
[SourceQuality "1"]

1. e4 e6 2. f4 c5 3. Nf3 a6 4. Nc3 Qc7 5. d3 d6 6. g3 Nd7 7. Bg2 b5 8. 0-0 Bb7 9. Be3 Ngf6 10. Nd2 Be7 11. Qe2 Nb6 12. Rae1 Nfd7 13. Qf2 Bf6 14. g4 0-0-0 15. Nd1 h6 16. c3 e5 17. Nf3 exf4 18. Bxf4 Ne5 19. Qe2 Kb8 20. Nf2 Bc8 21. Nxe5 Bxe5 22. Qf3 g5 23. Bg3 Be6 24. a3 Qd7 25. Rd1 h5 26. Bxe5 dxe5 27. Qf6 Qc7 28. Qxg5 Rdg8 29. Qf6 hxg4 30. Nh1 Rh7 31. Ng3 Rgh8 32. Nf5 Rxh2 33. Ng7 R2h6 34. Nxe6 fxe6 35. Qg5 R8h7 36. Rf6 Qe7 37. Qxe5+ Ka7 38. Rdf1 Nd7 39. Qc7+ Ka8 40. e5# 1-0

[Event "Arber op 5th"]
[Site "Bodenmais"]
[Date "2016.08.06"]
[Round "8"]
[White "Schwenkreis, Thomas"]
[Black "Seibold, Hubert"]
[Result "1-0"]
[WhiteElo "2106"]
[BlackElo "2126"]
[PlyCount "90"]
[EventDate "2016.07.30"]
[EventType "swiss"]
[EventRounds "9"]
[EventCountry "GER"]
[SourceTitle "CBM 173 Extra"]
[Source "ChessBase"]
[SourceDate "2016.08.29"]
[SourceVersion "1"]
[SourceVersionDate "2016.08.29"]
[SourceQuality "1"]

1. e4 c5 2. f4 Nc6 3. Nf3 g6 4. Bc4 Bg7 5. 0-0 e6 6. Nc3 Nge7 7. Qe2 0-0 8. d3 Nd4 9. Nxd4 cxd4 10. Nb5 d5 11. Bb3 a6 12. Na3 dxe4 13. dxe4 b5 14. Nb1 a5 15. a4 bxa4 16. Bc4 Qb6 17. Bd3 Nc6 18. Nd2 Nb4 19. Nc4 Qc5 20. Rxa4 Bd7 21. Ra1 Rfc8 22. Bd2 Bb5 23. Na3 Nxd3 24. cxd3 Qb6 25. Rf3 Bf8 26. Be1 Ba6 27. h4 Rab8 28. Rf2 Qb3 29. Rd1 Bxa3 30. bxa3 Qxa3 31. h5 Rb3 32. hxg6 hxg6 33. f5 Bxd3 34. Qg4 exf5 35. exf5 Qc5 36. Rxd3 Rxd3 37. fxg6 f5 38. Rxf5 Qe7 39. Bh4 Qe3+ 40. Kh2 Rc7 41. Bg5 Qe8 42. Bh6 Rdc3 43. Rf8+ Qxf8 44. Qe6+ Qf7 45. gxf7+ Rxf7 1-0

[Event "Rhein Main op-A 19th"]
[Site "Bad Homburg"]
[Date "2016.05.28"]
[Round "5"]
[White "Hinrichs, Niklas"]
[Black "Schwenkreis, Thomas"]
[Result "0-1"]
[WhiteElo "1894"]
[BlackElo "2068"]
[PlyCount "88"]
[EventDate "2016.05.25"]
[EventType "swiss"]
[EventRounds "7"]
[EventCountry "GER"]
[SourceTitle "EXT 2017"]
[Source "ChessBase"]
[SourceDate "2016.10.25"]
[SourceVersion "1"]
[SourceVersionDate "2016.10.25"]
[SourceQuality "1"]

1. d4 Nf6 2. c4 d6 3. Nc3 Nbd7 4. e4 e5 5. Nge2 Be7 6. f3 0-0 7. Be3 c6 8. Ng3 Re8 9. Be2 Bf8 10. 0-0 Qc7 11. Qd2 a6 12. Rfc1 b6 13. b4 exd4 14. Bxd4 c5 15. Bf2 Qd8 16. a3 Bb7 17. Rd1 Qc7 18. b5 Re6 19. a4 a5 20. Nf5 Ne8 21. Bg3 g6 22. Nh6+ Kg7 23. Ng4 h5 24. Ne3 Kh7 25. Ned5 Qd8 26. Qc2 h4 27. Bf2 Bg7 28. Ra3 Rc8 29. f4 Nc7 30. Bg4 Nxd5 31. exd5 Re8 32. Ne4 Rc7 33. Nxd6 Rf8 34. Bxh4 Bf6 35. Bf2 Kg8 36. Rh3 Bg7 37. Bh4 Qb8 38. Be7 Nf6 39. Bxf6 Bxf6 40. Ne4 Bd4+ 41. Rxd4 cxd4 42. Nf6+ Kg7 43. Rh7+ Kxf6 44. Qe4 Rxc4 0-1

[Event "Oberliga Ost-B 1516"]
[Site "Germany"]
[Date "2016.04.09"]
[Round "10.5"]
[White "Schmuck, Helmut"]
[Black "Schwenkreis, Thomas"]
[Result "1/2-1/2"]
[WhiteElo "2136"]
[BlackElo "2077"]
[PlyCount "142"]
[EventDate "2015.09.20"]
[EventType "team-tourn"]
[EventRounds "11"]
[EventCountry "GER"]
[SourceTitle "EXT 2017"]
[Source "ChessBase"]
[SourceDate "2016.10.25"]
[SourceVersion "1"]
[SourceVersionDate "2016.10.25"]
[SourceQuality "1"]
[WhiteTeam "Erfurt Empor"]
[BlackTeam "Frankfurt BvK"]
[WhiteTeamCountry "GER"]
[BlackTeamCountry "GER"]

1. d4 Nf6 2. c4 d6 3. Nc3 g6 4. e4 Bg7 5. f3 0-0 6. Be3 e5 7. d5 Nh5 8. Nge2 f5 9. Qd2 Nf6 10. 0-0-0 a6 11. Kb1 b5 12. a3 bxc4 13. Nc1 fxe4 14. Nxe4 Nxe4 15. fxe4 Nd7 16. Bxc4 Nf6 17. Bd3 Bd7 18. h3 Bb5 19. g4 Qd7 20. Na2 Rab8 21. Nc3 Bxd3+ 22. Qxd3 Rb3 23. Ka2 Rfb8 24. Rh2 Qc8 25. Bc1 Qb7 26. Qc4 a5 27. Na4 Rb5 28. Rc2 Rb3 29. Rd3 Rxd3 30. Qxd3 h6 31. Rc6 Kh7 32. Qc4 Ne8 33. Ra6 Ra8 34. Rxa8 Qxa8 35. Bd2 Qa7 36. Nc3 Nf6 37. Qd3 Qd4 38. Qe2 Nxe4 39. Nxe4 Qxd5+ 40. Ka1 Qc6 41. Qd3 a4 42. Nc3 Qg2 43. Ne4 Qg1+ 44. Ka2 Qb6 45. Qc4 Qb7 46. Nc3 c6 47. Nxa4 d5 48. Qc5 d4 49. Qc2 Qf7+ 50. Qb3 Qf2 51. Qd1 e4 52. Be1 Qf1 53. Nc5 Qc4+ 54. Nb3 e3 55. Qc1 Qe2 56. a4 d3 57. a5 c5 58. Nd2 Qg2 59. Nc4 Qd5 60. b3 d2 61. Bxd2 exd2 62. Qxd2 Qh1 63. Nb2 Qxh3 64. Qe2 Qc3 65. a6 c4 66. bxc4 Qa5+ 67. Kb1 Qxa6 68. Qc2 Qe6 69. c5 Qc6 70. Na4 Bd4 71. Ka2 Kg7 1/2-1/2

[Event "Oberliga Ost-B 1516"]
[Site "Germany"]
[Date "2015.10.11"]
[Round "3.7"]
[White "Schwenkreis, Thomas"]
[Black "Stork, Oliver"]
[Result "1/2-1/2"]
[WhiteElo "2077"]
[BlackElo "1934"]
[PlyCount "70"]
[EventDate "2015.09.20"]
[EventType "team-tourn"]
[EventRounds "11"]
[EventCountry "GER"]
[SourceTitle "EXT 2017"]
[Source "ChessBase"]
[SourceDate "2016.10.25"]
[SourceVersion "1"]
[SourceVersionDate "2016.10.25"]
[SourceQuality "1"]
[WhiteTeam "Frankfurt BvK"]
[BlackTeam "Oberursel"]
[WhiteTeamCountry "GER"]
[BlackTeamCountry "GER"]

1. e4 c6 2. Nc3 d5 3. h3 e5 4. Nf3 d4 5. Ne2 Bd6 6. Ng3 Ne7 7. Bc4 0-0 8. d3 c5 9. 0-0 Nbc6 10. a3 Qc7 11. Bd2 Nd8 12. c3 Be6 13. cxd4 exd4 14. Bxe6 Nxe6 15. Ne2 Ng6 16. Rc1 Qe7 17. Re1 Bf4 18. Bxf4 Ngxf4 19. Ng3 Rac8 20. Nf5 Qd7 21. Kh2 g6 22. Ng3 Nxg2 23. Ne5 Qc7 24. Ng4 Nxe1 25. Qxe1 Ng5 26. Kg2 Qf4 27. Qd1 h5 28. Nh6+ Kh7 29. Nhf5 gxf5 30. Qxh5+ Kg8 31. Nxf5 Rc7 32. Nh6+ Kg7 33. Nf5+ Kg8 34. Nh6+ Kg7 35. Nf5+ Kg8 1/2-1/2